Liquid crystals : applications and uses. Vol. 2 V.2

Сохранить в:
Библиографические подробности
Формат:
Язык:Vietnamese
Опубликовано: World Scientific 1991
Метки: Добавить метку
Нет меток, Требуется 1-ая метка записи!
Thư viện lưu trữ: Mạng thư viện Đại học Đà Nẵng
LEADER 00618nam a2200241 4500
001 000022827
003 19276
005 20150515100550.0
008 150515s1991 viesd
020 |c 00 
041 0 |a vie 
082 1 4 |a 530.429  |b Li-C 
245 1 0 |a Liquid crystals : applications and uses. Vol. 2  |b V.2  |c edited by Birendra Bahadur 
260 |b World Scientific  |c 1991 
300 |a tr.  |c cm. 
OWN |a LSP 
999 |a From the UDN01 
TYP |a Monograph 
TYP |a Printed language 
980 |a Mạng thư viện Đại học Đà Nẵng